000 00666nam a2200181 i 4500
001 42345
003 ES-MaACL
005 20230906160608.0
007 t|
008 030313s1970 sp ||||1| spa d
100 1 _aCastillo de Lucas, Antonio.
_936735
245 1 0 _aNotas médico-madrileñas en la bibliografía marañoniana... /
_cAntonio Castillo de Lucas.
260 _aMadrid :
_bAcademia Nacional de Medicina,
_c1970.
300 _a32 p. ;
_c24 cm.
500 _aEs separata de: "Anales de la Real Academia Nacional de Medicina", t. 87, cuaderno 3º.
710 2 _aReal Academia Nacional de Medicina (España)
_96344
852 _aES-MaACL
_j2075-F-4
_bR.75003
999 _c42345
_d42345